A fresh look at categorical programs for children with special needs (Record no. 69304)

MARC details
000 -CABECERA
campo de control de longitud fija 00773nam a2200265 a 4500
005 - FECHA Y HORA DE LA ÚLTIMA TRANSACCIÓN
campo de control 20210219153136.0
008 - ELEMENTOS DE LONGITUD FIJA--INFORMACIÓN GENERAL
campo de control de longitud fija 991125n 000 0 u
035 ## - NÚMERO DE CONTROL DEL SISTEMA
Número de control de sistema UPN01000079925
100 ## - ASIENTO PRINCIPAL--NOMBRE PERSONAL
Nombre de persona Raynes, Maria
222 ## - TÍTULO CLAVE
Título clave PHI DELTA KAPPAN
245 ## - MENCIÓN DE TÍTULO
Título A fresh look at categorical programs for children with special needs
300 ## - DESCRIPCIÓN FÍSICA
Extensión 326-331
362 ## - FECHAS DE PUBLICACIÓN Y/O DESIGNACIÓN SECUENCIAL
Fecha de publicación y/o designación secuencial 73, No. 4, 1991
505 ## - NOTA DE CONTENIDO CON FORMATO PREESTABLECIDO
Nota de contenido con formato Abril 1992
653 0# - TERMINO DE INDIZACION - NO CONTROLADO
Término no controlado CORRIENTE PRINCIPAL (FILOSOFIA)
653 0# - TERMINO DE INDIZACION - NO CONTROLADO
Término no controlado DEFICIENCIAS ESCOLARES
653 0# - TERMINO DE INDIZACION - NO CONTROLADO
Término no controlado DESARROLLO CURRICULAR
653 0# - TERMINO DE INDIZACION - NO CONTROLADO
Término no controlado DIFERENCIAS INDIVIDUALES
653 0# - TERMINO DE INDIZACION - NO CONTROLADO
Término no controlado ESTUDIANTES CON NECESIDADES ESPECIALES
653 0# - TERMINO DE INDIZACION - NO CONTROLADO
Término no controlado REESTRUCTURACION ESCOLAR
700 ## - ASIENTO SECUNDARIO--NOMBRE DE PERSONAL
Nombre de persona Snell, Martha
700 ## - ASIENTO SECUNDARIO--NOMBRE DE PERSONAL
Nombre de persona Sailor, Wayne
904 ## - ELEMENTOS DE DATOS D LOCAL, LDD (RLIN)
a AC
b 017736
905 ## - TIPO DE MATERIAL
Tipo de material Articulo

No items available.